00725 2200277 4500001002100000005001500021035002000036007000300056008004100059040001700100100001700117245005100134250001000185300003800195020002200233041000800255082000800263084001400271090002300285260003600308850001000344650001500354504002900369990002500398990002400423INLIS00000000000221620260603091724 a0010-0220000067ta260603 0  aSBPUPADbind0 aMada Sanjaya1 aMetode Numerik Berbasis Phyton /cMada Sanjaya aCet.1 ax, 277 hlm. :bilus. ;c23 cmeCD a978-602-7869-91-2 aind a510 a510 MAD m a658.311 RIS s 23-3 aYogyakarta :bGava Media,c2015 aPUPAD 4aMatematika aBibliografi, hlm 279-281 a31.304/APBD/DPK/2019 a31.303/APBD/DPK/201